000
00240nam a22000857a 4500
008
251113b ||||| |||| 00| 0 eng d
100
_a
Chandler, Robert
245
_a
San Francisco Clearing House Certificates
650
_a
San Francisco|Certificates
999
_c
3696
_d
3696